[Event "Pereira Fiestas de la Cosecha"]
[Site "Pereira"]
[Date "2022.08.25"]
[Round "3"]
[White "Villalobos, Juan Pablo"]
[Black "Zuluaga, Nicolas"]
[Result "1/2-1/2"]
[WhiteElo "1806"]
[BlackElo "1650"]
[PlyCount "180"]
[EventDate "2022.08.24"]
[EventType "swiss"]
[EventRounds "10"]
[EventCountry "COL"]
[SourceTitle "CBM 210 Extra"]
[Source "ChessBase"]
[SourceDate "2022.11.30"]
[SourceVersion "1"]
[SourceVersionDate "2022.11.30"]
[SourceQuality "1"]

1. e4 c5 2. Nc3 Nc6 3. d3 g6 4. Be3 d6 5. Qd2 Bg7 6. f3 Bd7 7. g3 Qb6 8. Nd1 h6 9. c3 a5 10. Bg2 Nf6 11. Ne2 Qa6 12. 0-0 Ne5 13. Nf2 Bc6 14. h3 b5 15. f4 Ned7 16. Rfe1 Qb7 17. Ng4 Nxg4 18. hxg4 Nf6 19. Bf3 c4 20. Nd4 cxd3 21. Nxc6 Qxc6 22. Qxd3 Rc8 23. Kf2 Qd7 24. Qe2 Rc4 25. Bd4 0-0 26. Rad1 Ne8 27. Bxg7 Kxg7 28. e5 Qc8 29. exd6 exd6 30. Qd3 b4 31. Bd5 Rc7 32. Qd4+ Kh7 33. Rh1 Ng7 34. f5 bxc3 35. Qf4 h5 36. bxc3 Rxc3 37. Be4 Qc5+ 38. Kg2 Rb8 39. fxg6+ fxg6 40. Rxh5+ Nxh5 41. Qf7+ Kh8 42. gxh5 Rb2+ 43. Kf1 Qc4+ 44. Qxc4 Rxc4 45. Bxg6 Kg7 46. g4 Rxg4 47. Rxd6 Rh4 48. Kg1 Rhh2 49. a4 Rbg2+ 50. Kf1 Ra2 51. Kg1 Rhb2 52. h6+ Kf8 53. Bd3 Ra1+ 54. Bf1 Rxa4 55. Bd3 Ra1+ 56. Bf1 Ra3 57. Rf6+ Ke7 58. Rg6 Raa2 59. h7 Rh2 60. Bc4 Rab2 61. Ra6 Rbg2+ 62. Kf1 Rd2 63. Kg1 Rxh7 64. Rxa5 Kf6 65. Ra3 Rc7 66. Rf3+ Kg5 67. Bf1 Kg4 68. Rf8 Rg7 69. Bg2 Kh4 70. Rh8+ Kg3 71. Rh3+ Kg4 72. Rh8 Kf4 73. Rf8+ Ke5 74. Re8+ Kd4 75. Rd8+ Kc3 76. Rxd2 Kxd2 77. Kf2 Rf7+ 78. Bf3 Rf4 79. Kg3 Ke3 80. Bg4 Rf7 81. Kh4 Kf4 82. Kh5 Rg7 83. Be6 Ke5 84. Bc8 Rg8 85. Bd7 Kd6 86. Bf5 Ke5 87. Bh7 Rg7 88. Bd3 Kf4 89. Bg6 Rg8 90. Kh6 Ke5 1/2-1/2

[Event "COL-ch sf"]
[Site "Palmira"]
[Date "2020.11.13"]
[Round "2"]
[White "Gomez Saenz, Manuela"]
[Black "Villalobos, Juan Pablo"]
[Result "0-1"]
[WhiteElo "1564"]
[BlackElo "1780"]
[PlyCount "60"]
[EventDate "2020.11.12"]
[EventType "swiss"]
[EventRounds "8"]
[EventCountry "COL"]
[SourceTitle "CBM 199 Extra"]
[Source "ChessBase"]
[SourceDate "2021.01.31"]
[SourceVersion "1"]
[SourceVersionDate "2021.01.31"]
[SourceQuality "1"]

1. e4 e5 2. Nf3 Nc6 3. d4 exd4 4. Bc4 Nf6 5. 0-0 d6 6. Nxd4 Be7 7. Nc3 Nxd4 8. Qxd4 Be6 9. Bxe6 fxe6 10. Qc4 Qd7 11. Nb5 c6 12. Nd4 d5 13. exd5 exd5 14. Qd3 0-0 15. Bg5 Rae8 16. Rae1 Bc5 17. Nf3 Bd6 18. Nd4 Ng4 19. Nf3 Ne5 20. Nxe5 Bxe5 21. b3 Qf7 22. Re3 Bc7 23. Rh3 Qf5 24. Qd2 Re5 25. Be3 Bb6 26. Rf3 Qe6 27. Bf4 Ref5 28. Re1 Qf7 29. g3 g5 30. Be5 Rxf3 0-1

[Event "COL-ch sf"]
[Site "Palmira"]
[Date "2020.11.13"]
[Round "3"]
[White "Villalobos, Juan Pablo"]
[Black "Rengifo Astudillo, Carlos Alberto"]
[Result "1-0"]
[WhiteElo "1780"]
[BlackElo "1630"]
[PlyCount "111"]
[EventDate "2020.11.12"]
[EventType "swiss"]
[EventRounds "8"]
[EventCountry "COL"]
[SourceTitle "CBM 199 Extra"]
[Source "ChessBase"]
[SourceDate "2021.01.31"]
[SourceVersion "1"]
[SourceVersionDate "2021.01.31"]
[SourceQuality "1"]

1. e4 c5 2. Nc3 Nc6 3. d3 g6 4. Be3 d6 5. Qd2 Bg7 6. f3 e5 7. g3 h5 8. h3 Be6 9. Bg2 Nge7 10. h4 Nd4 11. Nd1 Qc7 12. c3 Ndc6 13. Nh3 f6 14. Ndf2 b6 15. 0-0 Rd8 16. Rac1 Qd7 17. b3 d5 18. Qe2 d4 19. cxd4 Nxd4 20. Bxd4 Qxd4 21. Kh2 0-0 22. Rcd1 Nc6 23. f4 exf4 24. gxf4 Qd7 25. Ng1 Nd4 26. Qe3 Bh6 27. Qg3 Kh7 28. Nfh3 Bg4 29. Rd2 Rde8 30. Nf2 g5 31. hxg5 fxg5 32. f5 Rh8 33. Nxg4 hxg4 34. Ne2 Bf8 35. Qxg4 Kg8+ 36. Bh3 Qd6+ 37. Kg2 Nxe2 38. Qxg5+ Kf7 39. Qg6+ Qxg6+ 40. fxg6+ Kxg6 41. Rxe2 Rd8 42. Rf3 Kg5 43. Kf1 Rh4 44. Rg2+ Kh6 45. Rf6+ Kh7 46. Bf5+ Kh8 47. Rfg6 Bh6 48. Ke2 b5 49. Rc6 Bf8 50. Be6 a5 51. Rg8+ Kh7 52. Rc7+ Kh6 53. Bf5 Rh2+ 54. Kf1 Kh5 55. Rh7+ Bh6 56. Rxd8 1-0

[Event "Palmira op"]
[Site "Palmira"]
[Date "2018.09.22"]
[Round "4"]
[White "Villalobos, Juan Pablo"]
[Black "Medina, Juan Esteban"]
[Result "1-0"]
[WhiteElo "1814"]
[BlackElo "1344"]
[PlyCount "81"]
[EventDate "2018.09.20"]
[EventType "swiss"]
[EventRounds "7"]
[EventCountry "COL"]
[SourceTitle "CBM 187 Extra"]
[Source "ChessBase"]
[SourceDate "2018.11.04"]
[SourceVersion "1"]
[SourceVersionDate "2018.11.04"]
[SourceQuality "1"]

1. e4 c5 2. Nf3 e6 3. Nc3 a6 4. d4 cxd4 5. Nxd4 Bb4 6. Qg4 Nf6 7. Qf3 d5 8. e5 Ne4 9. a3 Bc5 10. Nce2 Nc6 11. c3 Nxe5 12. Qh3 Nc6 13. Qg4 g6 14. Qf4 e5 15. Nxc6 Bxf2+ 16. Qxf2 Nxf2 17. Nxd8 Nxh1 18. Bg5 f5 19. Bf6 Rf8 20. Bxe5 Kxd8 21. Bd4 Ke8 22. 0-0-0 Kf7 23. Nf4 b5 24. Bd3 Ng3 25. hxg3 Bb7 26. g4 fxg4 27. Rh1 Ke8 28. Nxg6 hxg6 29. Rh7 Bc6 30. Bxg6+ Kd8 31. Bb6+ Kc8 32. Rc7+ Kb8 33. Rxc6 Kb7 34. Re6 Rac8 35. Ba5 Rc6 36. Re7+ Kb8 37. Bf7 Kc8 38. Bxd5 Rf1+ 39. Kc2 Rf2+ 40. Kb3 Rd6 41. Be6+ 1-0

[Event "COL-ch"]
[Site "Palmira"]
[Date "2017.05.17"]
[Round "4"]
[White "Martinez, Cristian Camilo"]
[Black "Villalobos, Juan Pablo"]
[Result "1-0"]
[WhiteElo "1863"]
[BlackElo "1644"]
[PlyCount "63"]
[EventDate "2017.05.15"]
[EventType "swiss"]
[EventRounds "10"]
[EventCountry "COL"]
[SourceTitle "CBM 178 Extra"]
[Source "ChessBase"]
[SourceDate "2017.06.22"]
[SourceVersion "1"]
[SourceVersionDate "2017.06.22"]
[SourceQuality "1"]

1. e4 e5 2. Nf3 Nc6 3. Bb5 a6 4. Ba4 Nf6 5. d4 exd4 6. 0-0 Be7 7. Re1 0-0 8. e5 Nd5 9. Bb3 Nb6 10. Nxd4 Nxd4 11. Qxd4 d6 12. exd6 Qxd6 13. Qe4 Bf6 14. c3 g6 15. Bf4 Qc5 16. Nd2 Rb8 17. Qf3 Bg7 18. Ne4 Qc6 19. Qg3 Na8 20. Rad1 Be6 21. Bxe6 fxe6 22. Ng5 Rbe8 23. Rd2 Rf5 24. Rde2 e5 25. Bxe5 Qc5 26. Nf3 Qb5 27. Nd4 Rfxe5 28. Nxb5 Rxe2 29. Rxe2 Rxe2 30. Kf1 Rxb2 31. Nxc7 Nxc7 32. Qxc7 1-0